书目信息 |
| 题名: |
发育生物学
|
|
| 作者: | 缪勒 著 ;黄秀英 译 | |
| 分册: | ||
| 出版信息: | 北京 高等教育出版社 1998 |
|
| 页数: | 291页 | |
| 开本: | 20cm | |
| 丛书名: | ||
| 单 册: | ||
| 中图分类: | Q132 | |
| 科图分类: | ||
| 主题词: | 生物学:形态学 | |
| 电子资源: | ||
| ISBN: | 7-04-006572-X | |
| 000 | 00639nam0 2200217 450 | |
| 001 | 0657601656 | |
| 005 | 20070621084547.85 | |
| 010 | @a7-04-006572-X@dCNY32.50 | |
| 100 | @a20060314d1998 km y0chiy0120 ea | |
| 101 | 0 | @achi@cger |
| 102 | @aCN@b110000 | |
| 105 | @aa z 000yy | |
| 200 | 1 | @a发育生物学@Afa yu sheng wu xue@f(德)缪勒著@F(de)miao le zhu@g黄秀英等译 |
| 210 | @a北京@c高等教育出版社@a海德堡@c施普林格出版社@d1998 | |
| 215 | @a291页@c图@d20cm | |
| 606 | 0 | @a生物学:形态学 |
| 690 | @aQ132@v4 | |
| 701 | 0 | @a缪勒@Amiao le@4著 |
| 702 | 0 | @a黄秀英@Ahuang xiu ying@4译 |
| 801 | 0 | @aCN@bPFT@c20070621 |
| 905 | @a10447@dQ132@e86 | |
| 发育生物学/(德)缪勒著/黄秀英等译.-北京:高等教育出版社;海德堡:施普林格出版社,1998 |
| 291页:图;20cm |
| ISBN 7-04-006572-X:CNY32.50 |
| ● |
| 相关链接 |
|
|
|
|
正题名:发育生物学
索取号:Q132/86
 
预约/预借
| 序号 | 登录号 | 条形码 | 馆藏地/架位号 | 状态 | 备注 |
| 1 | 0349313 | 203493139 | 第二样本阅览室/ [索取号:Q132/86] | 在馆 | |
| 2 | 0349314 | 203493148 | 第三借阅区/ [索取号:Q132/86] | 在馆 | |
| 3 | 0349315 | 203493157 | 第三借阅区/ [索取号:Q132/86] | 在馆 | |
| 4 | 0349316 | 203493166 | 第三借阅区/ [索取号:Q132/86] | 在馆 | |
| 5 | 0661947 | 206619471 | 库房3/ [索取号:Q132/86] | 在馆 | |
| 6 | 0661948 | 206619480 | 库房3/ [索取号:Q132/86] | 在馆 | |
| 7 | 0661949 | 206619499 | 库房3/ [索取号:Q132/86] | 在馆 | |
| 8 | 0661950 | 206619505 | 库房3/ [索取号:Q132/86] | 在馆 | |
| 9 | 0661951 | 206619514 | 库房3/ [索取号:Q132/86] | 在馆 | |
| 10 | 0661952 | 206619523 | 库房3/ [索取号:Q132/86] | 在馆 | |
| 11 | 0661953 | 206619532 | 库房3/ [索取号:Q132/86] | 在馆 | |
| 12 | 0661954 | 206619541 | 库房3/ [索取号:Q132/86] | 在馆 | |
| 13 | 0661955 | 206619550 | 库房3/ [索取号:Q132/86] | 在馆 | |
| 14 | 0661956 | 206619569 | 库房3/ [索取号:Q132/86] | 在馆 | |
| 15 | 0661957 | 206619578 | 库房3/ [索取号:Q132/86] | 在馆 | |
| 16 | 0661958 | 206619587 | 库房3/ [索取号:Q132/86] | 在馆 | |
| 17 | 0661959 | 206619596 | 库房3/ [索取号:Q132/86] | 在馆 | |
| 18 | 0661960 | 206619603 | 库房3/ [索取号:Q132/86] | 在馆 | |
| 19 | 0661961 | 206619612 | 库房3/ [索取号:Q132/86] | 在馆 | |
| 20 | 0661962 | 206619621 | 库房3/ [索取号:Q132/86] | 在馆 | |
| 21 | 0661963 | 206619630 | 库房3/ [索取号:Q132/86] | 在馆 | |
| 22 | 0661964 | 206619649 | 库房3/ [索取号:Q132/86] | 在馆 | |
| 23 | 0661965 | 206619658 | 库房3/ [索取号:Q132/86] | 在馆 | |
| 24 | 0661966 | 206619667 | 库房3/ [索取号:Q132/86] | 在馆 | |
| 25 | 0661967 | 206619676 | 库房3/ [索取号:Q132/86] | 在馆 | |
| 26 | 0661968 | 206619685 | 库房3/ [索取号:Q132/86] | 在馆 | |
| 27 | 0661969 | 206619694 | 库房3/ [索取号:Q132/86] | 在馆 | |
| 28 | 0661970 | 206619701 | 库房3/ [索取号:Q132/86] | 在馆 | |
| 29 | 0661971 | 206619710 | 库房3/ [索取号:Q132/86] | 在馆 | |
| 30 | 0661972 | 206619729 | 库房3/ [索取号:Q132/86] | 在馆 | |
| 31 | 0661973 | 206619738 | 库房3/ [索取号:Q132/86] | 在馆 | |
| 32 | 0661974 | 206619747 | 库房3/ [索取号:Q132/86] | 在馆 | |
| 33 | 0661975 | 206619756 | 库房3/ [索取号:Q132/86] | 在馆 | |
| 34 | 0661976 | 206619765 | 库房3/ [索取号:Q132/86] | 在馆 | |
| 35 | 0661977 | 206619774 | 库房3/ [索取号:Q132/86] | 在馆 | |
| 36 | 0661978 | 206619783 | 库房3/ [索取号:Q132/86] | 在馆 | |
| 37 | 0661979 | 206619792 | 库房3/ [索取号:Q132/86] | 在馆 | |
| 38 | 0661980 | 206619809 | 库房3/ [索取号:Q132/86] | 在馆 | |
| 39 | 0661981 | 206619818 | 库房3/ [索取号:Q132/86] | 在馆 |